[Event "Bucharest Kings 7th"]
[Site "Bucharest"]
[Date "2013.10.07"]
[Round "1"]
[White "Nisipeanu, Liviu Dieter"]
[Black "Caruana, Fabiano"]
[Result "0-1"]
[WhiteElo "2674"]
[BlackElo "2779"]
[Annotator "Rogozenco,D"]
[PlyCount "114"]
[EventDate "2013.10.07"]
[EventType "tourn"]
[EventRounds "10"]
[EventCountry "ROU"]
[EventCategory "20"]
[SourceTitle "CBM 157"]
[Source "ChessBase"]
[SourceDate "2013.11.12"]
[SourceVersion "1"]
[SourceVersionDate "2013.11.12"]
[SourceQuality "1"]

1. d4 Nf6 2. c4 g6 3. Nc3 d5 4. Nf3 Bg7 5. h4 {A move popularised mainly by
the Rusian GM Alexander Morozevich. The main purpose is to avoid the endless
theory of the Grünfeld.} c6 6. Bg5 O-O 7. Bxf6 Bxf6 8. h5 g5 ({Earlier this
year Magnus Carlsen played differently:} 8... Bf5 9. e3 e6 10. hxg6 Bxg6 11.
Bd3 Nd7 12. Qe2 e5 13. Bxg6 hxg6 14. dxe5 Nxe5 15. cxd5 cxd5 16. Rd1 Qa5 17.
Kf1 Rad8 18. Nd4 Qc5 19. Nb3 Qc6 20. Na5 Qc7 21. Nb3 Qc6 22. Na5 Qc7 23. Nb3
Qc6 {draw, Grischuk,A (2764)-Carlsen,M (2872) London 2013. However, Caruana
wasn't willing to see what improvement had been prepared by Nisipeanu.}) 9. e4
{A new move. After the game Nisipeanu agreed that the previously met 9.h6 is
more logical.} dxe4 10. Nxe4 h6 ({The computer's recommendation} 10... g4 11.
Nxf6+ exf6 12. Nh4 Re8+ 13. Be2 Re4 {looks dubious for Black. For instance
after} 14. O-O Rxd4 15. Qc2 {White has good compensation for the pawn.}) 11.
Nxf6+ exf6 12. Qd2 Re8+ ({After the immediate} 12... Bg4 {White could consider
castling long at once} 13. O-O-O {since} Bxf3 14. gxf3 {with the idea f3-f4
secures White an initiative on the kingside.}) 13. Be2 Bg4 14. O-O-O Nd7 15.
Rhe1 $5 Qc7 ({Caruana rejects the pawn sac. After} 15... Bxh5 16. Rh1 Bxf3 {
White can consider even} 17. gxf3 {with the idea f3-f4.} (17. Bxf3 {is
possible too, with compensation for the pawn.})) 16. g3 b5 {Black starts
active actions in the centre and on the queenside. White's pawn structure
might seem better, but in reality Black has easier play: his king is safe and
he will soon create targets for attack on the queeenside.} (16... Bxh5 17. Rh1
Bg6 18. Rxh6 Kg7 {was another attractive alternative.}) 17. cxb5 cxb5+ 18. Kb1
Nb6 ({Here} 18... Bxh5 19. Rh1 Bg6+ {looked even stronger than on the previous
comment. However, the move played in the game also keeps the advantage.}) 19.
Nh2 Nc4 20. Qd3 Rxe2 {This is just a temporary exchange sac.} 21. Rxe2 Bxh5 $1
22. f4 (22. f3 Bg6 23. Re4 Qxg3 {is winning for Black.}) 22... Bxe2 23. Qxe2
Kg7 (23... f5 {looks stronger, not allowing White to activate the knight.}) 24.
Ng4 Rc8 25. Nxh6 $1 {This combination should have led to a draw.} Kxh6 26. Rh1+
Kg6 (26... Kg7 27. Qh2 Kf8 28. Re1 Kg7 29. Rh1 $11) 27. Qc2+ $2 {Instead of
this White had more than one way to achieve a draw.} ({The easiest is} 27. Qh5+
Kf5 28. Qe2 $1 {(threatening g4 followed by Qh2).} Kg6 29. Qh5+ Kf5 30. Qe2 $11
) 27... f5 28. Qh2 Kf6 29. Qh6+ (29. Re1 $2 Kg7 $19) 29... Ke7 30. Qxg5+ Kd7
31. Qxf5+ Kc6 32. Qc5+ Kb7 33. Qxb5+ Nb6 {Three pawns for the knight don't
secure complete compensation here: it is Black who plays for a win.
Nisipeanu's task was even more difficult due to his severe time trouble.} 34.
Qd3 Qc6 35. Re1 Rc7 36. a3 a5 37. g4 Nc4 38. Ka2 a4 39. d5 $6 Qf6 40. Qc3 $2 (
40. Re2 Qxf4 41. Re4 Qc1 42. Qe2 {would have allowed White to put up much
tougher resistance.}) 40... Qxc3 41. bxc3 Kb6 {The endgame is lost for White.}
42. g5 Nd6 43. Rb1+ Kc5 44. Rb4 Ra7 45. Kb2 Nc4+ 46. Ka2 Ne3 47. Rb8 Nxd5 48.
f5 Ne7 49. Re8 Kc4 50. f6 Ng6 51. Kb2 Ra5 52. Rc8+ Kd5 53. c4+ Kd4 54. Rc7 Ne5
55. Kc2 Rc5 56. Ra7 Rxc4+ 57. Kd1 Kd5 0-1

[Event "EU-Cup 29th"]
[Site "Rhodes"]
[Date "2013.10.23"]
[Round "4.1"]
[White "Vachier Lagrave, Maxime"]
[Black "Caruana, Fabiano"]
[Result "1/2-1/2"]
[WhiteElo "2742"]
[BlackElo "2779"]
[Annotator "Krasenkow,M"]
[PlyCount "81"]
[EventDate "2013.10.20"]
[EventType "team-swiss"]
[EventRounds "7"]
[EventCountry "GRE"]
[SourceTitle "CBM 157"]
[Source "ChessBase"]
[SourceDate "2013.11.12"]
[SourceVersion "1"]
[SourceVersionDate "2013.11.12"]
[SourceQuality "1"]
[WhiteTeam "Clichy Echecs 92"]
[BlackTeam "SOCAR"]
[WhiteTeamCountry "FRA"]
[BlackTeamCountry "AZE"]

1. d4 Nf6 2. c4 g6 3. Nc3 d5 4. cxd5 Nxd5 5. e4 Nxc3 6. bxc3 Bg7 7. Nf3 c5 8.
Be3 Qa5 9. Qd2 Nc6 10. Rb1 a6 11. Rc1 cxd4 {A simple course, instead of the
modern trends like} (11... f5) 12. cxd4 Qxd2+ 13. Kxd2 e6 {A very solid move,
sufficient for equality.} (13... f5 {is a more popular alternative.}) 14. Bd3 (
14. Bc4 O-O 15. Rhd1 Bd7 16. Ke1 Na5 17. Be2 Rfc8 18. Bd2 Nc6 19. Bc3 Na7 $1
$11 {0-1 (72) Karpov,A (2730)-Kamsky,G (2595) Tilburg 1991 CBM 026 [Anand]}) (
14. d5 exd5 15. exd5 Ne5 16. Nxe5 Bxe5 17. g3 Bf5 18. Bg2 Kd7 19. d6 Bxd6 20.
Bxb7 Rab8 21. Bc6+ Ke7 22. Bd4 Rhc8 {1/2 (22) Ftacnik,L (2535)-Jansa,V (2445)
Bratislava 1983}) 14... O-O (14... Bd7 15. h4 (15. d5 Nb4 16. Bc4 exd5 17. exd5
{1-0 (41) Khenkin,I (2633)-Stohl,I (2578) Germany 2001} b5 $5 18. Bb3 Bf5)
15... h6 16. g4 Rc8 17. g5 h5 18. Rc2 O-O 19. Rb1 b5 20. Rbc1 Rfd8 21. a4 bxa4
22. Bxa6 Ra8 23. Bb7 Na5 24. Bxa8 Nb3+ 25. Kc3 Nxc1 26. Bxc1 Rxa8 $11 {1/2 (30)
Istratescu,A (2616)-Howell,D (2611) Hastings 2011}) 15. Rc5 $146 {A harmless
novelty.} (15. Rb1 Rd8 16. e5 b5 17. Rhc1 Bb7 18. a4 b4 19. Be4 Rac8 $11 {
1/2 (59) Zakhartsov,V (2608)-Akesson,R (2470) Pardubice 2010}) (15. Ke2 Bd7 16.
Rb1 b5 17. h4 h6 18. e5 Rfd8 19. Be4 Rac8 20. Nd2 Na5 21. f4 Bc6 22. h5 Bxe4
23. Nxe4 Rc2+ $132 {1/2 (43) Kelecevic,N (2405)-Horvath,J (2480) Austria 1992})
(15. Rc4 Bd7 (15... f5 16. g3 (16. Ke2 Bd7 17. exf5 (17. Rhc1 Rfc8 18. d5 exd5
19. exd5 Ne5 20. Rxc8+ Rxc8 21. Rxc8+ Bxc8 22. Nxe5 Bxe5 $11 {0-1 (60) Deze,A 
(2435)-Smejkal,J (2565) Novi Sad 1982}) 17... gxf5 18. Rhc1 Rac8 19. g3 Rfd8
20. h3 b5 21. R4c2 Nb4 $11 {1/2 (28) Ftacnik,L (2560)-Sax,G (2550) Baile
Herculane 1982}) 16... Bd7 17. Rhc1 Rad8 (17... Rfc8 18. d5 exd5 19. exd5 Ne5
20. Nxe5 Bxe5 21. Bb6 Rxc4 22. Bxc4 {1-0 (57) Khenkin,I (2627)-Seel,C (2315)
Bad Wiessee 2003} Kg7 $11) 18. Bg5 Rc8 19. d5 exd5 20. exd5 Ne5 21. Nxe5 Bxe5
22. Be7 b5 23. Rc5 Rxc5 24. Bxc5 Rc8 25. f4 Bg7 26. Rc2 Bf8 27. Bd4 {1/2 (27)
Soltau,A (2621)-Mannermaa,J (2490) ICCF 2002}) 16. Rhc1 Rfd8 (16... Rfc8 17. d5
exd5 18. exd5 Ne5 19. Nxe5 Bxe5 20. g3 Rxc4 21. Rxc4 b5 22. Rc2 b4 $11 {
1/2 (40) Georgiev,K (2685)-Ftacnik,L (2568) Khanty-Mansiysk 2010}) 17. Bg5 $6 (
17. Ke2 Be8 $11) 17... f6 18. Be3 Bf8 (18... Be8 19. Ke2 Rac8 20. g3 Bf8 21.
R4c3 b5 22. h4 Bb4 23. Rb3 Be7 24. Rbc3 Bb4 25. Rb3 Bd6 26. Rbc3 Bb4 {1/2 (26)
Karjakin,S (2776)-Nepomniachtchi,I (2733) Moscow 2011}) 19. e5 fxe5 20. Bg5
exd4 $1 21. Bxd8 Rxd8 $15 {0-1 (36) Grigoryan,K (2482)-Melkumyan,H (2620)
Yerevan 2012 CBM 147}) 15... Rd8 16. Rb1 {That's the idea: White sacrifices
his central pawn but obtains an active position for his rooks. However, this
is not enough for an advantage.} Nxd4 17. Nxd4 Bxd4 18. Bxd4 Rxd4 19. Ke3 Rd8
20. Rb6 Bd7 $1 21. Rxb7 Bb5 {The pawn has been kindly returned but Black has
completed his development.} 22. Bc2 Rac8 23. Rbc7 Rxc7 24. Rxc7 {One rook on
the 7th rank is not enough!} Bf1 25. g4 g5 26. f3 Rb8 27. Bb3 h6 28. f4 gxf4+
29. Kxf4 Rb4 $11 30. Ke5 Bd3 31. Kf6 Rxe4 32. Rc8+ Kh7 33. Kxf7 Rxg4 34. Bxe6
Rf4+ 35. Ke7 Kg6 36. Rg8+ Kh5 37. Rg3 Bc4 38. Rh3+ Kg5 39. Rg3+ Kh5 40. Rh3+
Kg5 41. Rg3+ 1/2-1/2

[Event "EU-Cup 29th"]
[Site "Rhodes"]
[Date "2013.10.26"]
[Round "7.1"]
[White "Caruana, Fabiano"]
[Black "Svidler, Peter"]
[Result "1/2-1/2"]
[WhiteElo "2779"]
[BlackElo "2740"]
[Annotator "Szabo,Kr"]
[PlyCount "139"]
[EventDate "2013.10.20"]
[EventType "team-swiss"]
[EventRounds "7"]
[EventCountry "GRE"]
[SourceTitle "CBM 157"]
[Source "ChessBase"]
[SourceDate "2013.11.12"]
[SourceVersion "1"]
[SourceVersionDate "2013.11.12"]
[SourceQuality "1"]
[WhiteTeam "SOCAR"]
[BlackTeam "St Petersburg"]
[WhiteTeamCountry "AZE"]
[BlackTeamCountry "RUS"]

1. e4 c5 2. Nf3 e6 3. d4 cxd4 4. Nxd4 Nc6 5. Nc3 Qc7 6. Be3 a6 7. Qd2 Nf6 8.
O-O-O Be7 9. f3 b5 10. g4 Nxd4 11. Bxd4 (11. Qxd4 {is the other option.} Bb7
12. g5 Nh5 13. Rd2 $5 (13. Kb1 Rc8 14. Qd2 {is another idea}) 13... Rc8 $1 14.
Bxb5 $5 (14. Rg1 Bc5 15. Qxc5 Qxc5 16. Bxc5 Rxc5 {and Black looks nicely placed
}) 14... axb5 15. Nxb5 Qc6 (15... Qd8 $5 {was also possible} 16. Qa7 $1 {
with a very difficult fight}) 16. Na7 Qc7 17. Nb5 $1 (17. Nxc8 $6 Qxc8 18. Rhd1
Bc6) 17... Qc6 18. Na7 Qc7 19. Nb5 Qc6 {and draw by repetition of moves, 1/2
Dominguez Perez-Caruana, Elancourt 2013.}) 11... Bb7 12. Kb1 O-O 13. Qf2 $146 {
Novelty by Caruana. He is a good expert of this line.} (13. Bd3 b4 14. Ne2 e5
15. g5 exd4 16. gxf6 Bxf6 17. f4 a5 18. e5 $5 {brave decision by Yu Yangyi} Bh4
(18... Bxh1 19. Rxh1 Be7 20. Nxd4 {with some compensation, but no more.}) 19.
Nxd4 Bxh1 20. Rxh1 g6 $13 {Yu Yangyi-Nepomniachtchi, St Petersburg 2012.})
13... Rac8 (13... b4 14. Na4 d5 15. Nb6 Rad8 (15... dxe4 16. Nxa8 Rxa8 17. g5
e3 18. Qxe3 (18. Bxe3 Ng4 $1) 18... Nd5 19. Qe5 Qxe5 20. Bxe5 Bxg5 21. Rg1 $14
{and White is slightly better.}) 16. e5 Nd7 17. Nxd7 Rxd7 18. f4 {with a
comfortable position for White.}) 14. Rg1 ({White doesn't want to hurry with} 
14. g5 {, because of} Nh5 {and Black is controlling the f4 square, he has a
comfortable position.}) 14... Bc6 (14... b4 15. Na4 {followed by Nb6.}) 15. Bd3
b4 16. Ne2 (16. e5 $5 {was a very interesting option} Ne8 (16... Nd5 17. Nxd5
Bxd5 18. f4 a5 19. f5 $40) 17. Ne4 (17. Ne2 Bb5 (17... f6 18. Qh4 g6 19. f4)
18. Nf4 f6 $13) 17... f6 18. exf6 Nxf6 19. Bxf6 Bxf6 20. g5 Be5 21. Nf6+ Rxf6
$1 (21... gxf6 $6 22. gxf6+ Kf7 (22... Kh8 $2 23. Rg7 $18) 23. Rg7+ Ke8 24. Qc5
Bxf6 25. Rxh7 Qe5 26. Bg6+ Kd8 27. Qxf8+ Kc7 28. Qxb4 Rb8 29. f4 $1 Qxb2+ 30.
Qxb2 Rxb2+ 31. Kc1 Rxa2 32. Rd3 a5 {and White is slightly better, but Black's
Bs give strong counterplay, so still it is difficult to manage to win with
White.}) 22. gxf6 Bxf6 $44 {and Black has a very good compensation.}) 16... d5
(16... d6 $5) 17. g5 (17. e5 Nd7 18. f4 Bb5 19. Nc1 Bxd3 (19... Nc5 20. f5) 20.
Nxd3 Bc5) 17... Nh5 18. exd5 (18. Qh4 {could have been met by} Bb5 $1 $132)
18... Bxd5 19. Rg4 (19. f4) ({or} 19. Qe3) 19... e5 $1 20. Be3 Qc6 21. Rf1 g6 (
21... f5 $1 {was the best reply} 22. gxf6 Nxf6 23. Rgg1 Nd7 (23... g6 $5) 24.
Rg3 Rf7 $36 {and Black has a very strong initiative.}) 22. Nc1 f5 23. gxf6 Nxf6
24. Rgg1 Nh5 (24... e4 25. fxe4 Nxe4 26. Qe2 Bf6 $1 $40 {was also very
dangerous for White.}) 25. Qd2 Bxf3 (25... a5) 26. Nb3 Rfd8 27. Qf2 Rf8 (27...
e4) 28. Bh6 (28. Qd2 {was repetition of moves, but I think Svidler wanted to
continue with} Be4 $15) 28... Rf7 29. Qe3 e4 30. Nd4 Qd5 31. Nxf3 exd3 32. Qxd3
Qxd3 33. cxd3 Bf8 ({The engine recommends} 33... Bd6 34. d4 (34. Ng5 {is
dubious, as} Rxf1+ 35. Rxf1 Bxh2 $15) 34... Ng7 {is slightly better endgame
for Black.}) 34. Bd2 Bd6 35. Ng5 Rxf1+ 36. Rxf1 Bxh2 37. Bxb4 Be5 38. Ne6 Ng7 (
38... Ng3) 39. Re1 (39. d4) 39... Bg3 40. Re4 Re8 41. Nc5 h5 42. Bc3 Rxe4 43.
Nxe4 Bf4 (43... h4) 44. Kc2 Nf5 45. Kd1 Kf7 46. Bd2 Be5 47. b4 Ke6 48. a4 Ng3
49. Nxg3 Bxg3 50. b5 axb5 51. axb5 Kd5 52. Be3 Bd6 53. Ke2 Bc5 54. Bg5 Bb6 55.
Kf3 Kc5 56. Ke4 Bc7 57. d4+ Kxb5 58. Kd5 Bg3 59. Be3 Kb4 (59... h4 60. Ke4 h3
61. Kf3 h2 (61... Bd6 62. Bg1 $1 $11 {followed by Kg4.}) 62. Kg2 Kc4 63. Bg5
Kxd4 64. Bc1 $11) 60. Ke6 h4 61. d5 Kc4 62. d6 Bxd6 63. Kxd6 Kd3 64. Bg1 $1 Ke4
65. Ke6 g5 66. Kf6 Kf4 67. Bh2+ Kg4 68. Kg6 Kh3 69. Kxg5 Kxh2 70. Kxh4 {
A very big fight!} 1/2-1/2

[Event "EU-chT (Men) 19th"]
[Site "Warsaw"]
[Date "2013.11.10"]
[Round "3.10"]
[White "Lenic, Luka"]
[Black "Caruana, Fabiano"]
[Result "1-0"]
[WhiteElo "2637"]
[BlackElo "2782"]
[Annotator "Szabo,Kr"]
[PlyCount "115"]
[EventDate "2013.11.08"]
[EventType "team-swiss"]
[EventRounds "9"]
[EventCountry "POL"]
[SourceTitle "CBM 158"]
[Source "ChessBase"]
[SourceDate "2014.01.16"]
[SourceVersion "1"]
[SourceVersionDate "2014.01.16"]
[SourceQuality "1"]
[WhiteTeam "Slovenia"]
[BlackTeam "Italy"]
[WhiteTeamCountry "SLO"]
[BlackTeamCountry "ITA"]

1. d4 d6 2. Nf3 Nf6 3. c4 g6 4. Nc3 Bf5 5. g3 Bg7 6. Bg2 Ne4 (6... c6 {is
another line.}) 7. Nxe4 Bxe4 8. O-O O-O 9. Be3 c5 (9... Nd7 10. Qd2 c5 {
transposes to the text move.}) 10. Qd2 Qb6 (10... Nd7 {was also tried by a
strong grandmaster,} 11. Rad1 Qc7 12. dxc5 (12. Bh6 Bxf3 13. Bxf3 cxd4 14. Bxg7
Kxg7 15. Qxd4+ Ne5 16. b3 Kg8 17. Bg2 a5 $11 {with an equal position,
Czakon-Volokitin, Lublin 2009.}) 12... Nxc5 13. Bh6 Rfd8 14. Bxg7 Kxg7 15. h4
Nd7 16. Qe3 Nf6 {and Black is also solid, Maki Uuro-Efimenko, Saint Vincent
2005.}) 11. Bh6 $146 {The first novelty in the game.} (11. Rad1 Nc6 12. d5 Nb4
(12... Bxf3 13. exf3 (13. Bxf3 Ne5) 13... Nd4 14. Rfe1 Qa6 15. Bxd4 Bxd4 16. b3
Bf6 $11 {Van der Sterren-Van der Wiel, Hilversum 1987}) 13. a3 Nc2 $1 {This
knight is very cheeky in White's position.} 14. Bh6 Bxh6 15. Qxh6 Bxf3 16. Bxf3
Nd4 {and Black has a nice position, J.Torres-Gajewski, Barcelona 2012.}) 11...
Bxh6 12. Qxh6 Bxf3 {Forced, otherwise Ng5.} 13. dxc5 Qxc5 (13... dxc5 {was
enough for equalising,} 14. Bxf3 Nc6 15. Bxc6 (15. b3 Nd4) 15... Qxc6 $11 {
with a completely drawish position.}) 14. Bxf3 Nc6 15. Rac1 a5 16. Rfd1 Qb6 17.
Qd2 a4 18. h4 Ne5 19. h5 Rfc8 (19... Ra5 {was also possible,} 20. hxg6 Nxf3+
21. exf3 fxg6 $11 {and Black hasn't got any problem.}) 20. hxg6 hxg6 21. Kg2
Rxc4 $2 {A big blunder, Black underestimates White's possibilities.} ({Black
should protect his king's position with} 21... Kg7 22. Rh1 Rh8 {and Black can
hold.}) 22. Rxc4 $6 {Not bad,} ({but} 22. Qh6 $1 {was winning immediately,}
Rxc1 23. Rxc1 Nxf3 24. Rh1 Qxb2 25. Qh7+ Kf8 26. Qh8+ Qxh8 27. Rxh8+ Kg7 28.
Rxa8 $18 {and Black is hopeless.}) 22... Nxc4 23. Qh6 Ra5 $6 {Another
inaccuracy, but Black's position was already difficult.} ({Still} 23... Qxb2 {
was the best chance} 24. Bd5 Nb6 25. Qxg6+ Qg7 26. Bxf7+ Kf8 27. Qb1 $1 Qxf7
28. Qxb6 $16 {, but White is also better here.}) 24. b3 ({The natural} 24. Rh1
{was the easiest} Qxb2 25. Qh4 $1 $18 {and after this nice double attack White
is winning.}) 24... axb3 25. Rh1 $2 {Suddenly White also goes wrong in his
winning position, but it was difficult to find the right plan.} (25. axb3 $1 {
was the correct move.} Qxb3 26. Rh1 Qc3 27. Qh7+ Kf8 28. Rc1 $1 $18 {a great
deadly stroke!}) 25... Qd4 26. axb3 Nb6 (26... Nd2 $142 {was more accurate.})
27. Rh4 $1 Qf6 $6 {Loses immediately, but Black's position wasn't very
enviable.} (27... Qe5 28. Qh7+ Kf8 29. Re4 Qg7 30. Qxg7+ Kxg7 31. Rxe7 $16) 28.
Qh7+ Kf8 29. Qh6+ (29. Rb4 $1 {transposes to the game after a repetition of
moves.}) 29... Kg8 (29... Qg7 $142) 30. Qh7+ Kf8 31. Rb4 $1 $18 {This
unpleasant R move decides the game.} Nc8 32. Rxb7 Rc5 33. b4 Rc2 34. Rb8 {
White's position is completely safe, he can simply push the bP.} Ke8 35. Qg8+
Kd7 36. b5 d5 37. Bxd5 (37. b6 $18) 37... Qd6 38. Rb7+ Rc7 39. Qxf7 Rxb7 40.
Bxb7 Nb6 41. Be4 g5 42. Qf5+ Qe6 43. Bc6+ Kd6 44. Qxg5 Qxe2 45. Qe3 Qxe3 46.
fxe3 {Two Ps up is too much, Black has no chance to survive.} Nc4 47. Kf3 Ke5
48. Ke2 Kf5 49. Kd3 Nb6 50. Kd4 Kg4 51. Kc5 Na4+ 52. Kb4 Nb6 53. Ka5 Nc4+ 54.
Ka6 Ne5 55. Be8 Nc4 56. b6 Nxb6 57. Kxb6 Kf3 58. g4 1-0

[Event "EU-chT (Men) 19th"]
[Site "Warsaw"]
[Date "2013.11.17"]
[Round "9.17"]
[White "Banikas, Hristos"]
[Black "Caruana, Fabiano"]
[Result "1/2-1/2"]
[WhiteElo "2633"]
[BlackElo "2782"]
[Annotator "Meulders,R"]
[PlyCount "104"]
[EventDate "2013.11.08"]
[EventType "team-swiss"]
[EventRounds "9"]
[EventCountry "POL"]
[SourceTitle "CBM 158"]
[Source "ChessBase"]
[SourceDate "2014.01.16"]
[SourceVersion "1"]
[SourceVersionDate "2014.01.16"]
[SourceQuality "1"]
[WhiteTeam "Greece"]
[BlackTeam "Italy"]
[WhiteTeamCountry "GRE"]
[BlackTeamCountry "ITA"]

1. d4 d6 2. Nf3 g6 3. c4 f5 4. g3 Bg7 5. Bg2 Nf6 6. O-O O-O 7. Nc3 c6 8. Rb1 a5
9. d5 (9. Qb3 h6 10. Rd1 Nbd7 11. Qc2 Qe8 12. d5 cxd5 13. cxd5 Nc5 14. Be3 b6
15. b4 axb4 16. Rxb4 Bd7 17. Nd4 Ng4 18. Bc1 g5 19. Ne6 Nxe6 20. dxe6 Bxe6 21.
Bxa8 Qxa8 22. Bb2 Qe8 23. h3 Nf6 24. Nb5 f4 25. g4 Qf7 26. Nd4 Rc8 27. Qd3 Bc4
28. Qc2 Be6 29. Qd2 Bd7 30. Rxb6 Qxa2 31. Rb7 Qd5 32. Ra7 h5 33. Ra5 Rc5 34.
Rxc5 Qxc5 35. Rc1 Qd5 36. Nf3 hxg4 37. Bxf6 Qxd2 38. Nxd2 Bxf6 {Wojtaszek,R 
(2701)-Ivanchuk,V (2731) Riga 2013 1/2-1/2}) 9... e5 10. dxe6 Bxe6 11. b3 Na6
12. Bf4 Nh5 {A typical manoeuvre: Black protects the pawn on d6 indirectly by
attacking the knight on c3 with his bishop. At the same time he threatens to
exchange his own knight for the white bishop, so White must either retreat to
d2 or attack the queen.} 13. Bg5 Qc7 14. Qd2 Nc5 15. Rfd1 Nf6 $146 (15... Rae8
16. Be3 f4 17. Bd4 fxg3 18. hxg3 Nf6 19. Rbc1 Bf5 20. Nh4 Bc8 21. Bf3 Qe7 22.
Ng2 Bf5 {1/2-1/2 (22) Gustafsson,J (2647)-Halkias,S (2579) Reykjavik 2011}) 16.
Nd4 (16. Qxd6 {leads to a completely different game, for example} Qxd6 17. Rxd6
Ne8 18. Rd4 Bxd4 19. Nxd4 Nf6 20. Be3 Ng4 21. Bf4 Rad8 22. Na4 Rxd4 23. Nxc5
Bc8 24. h3 Nf6 25. Be3 Rd6 26. f3 b6 27. Bf4 Rd4 28. Nd3 Re8 29. Kf2 Rd7 30.
Bf1 c5 31. Nb2 Kg7 32. Na4 Re6 33. Rb2 h6 34. Rc2 g5 35. Bc1 $11 {but of
course this is just one of the possibilities. It seem best for White not to
advance his queenside pawns and keep the options open for positioning his
knight.}) 16... Rfe8 17. Bf4 Rad8 18. Nxe6 Rxe6 19. a3 Qf7 20. Na4 $1 Nxa4 21.
Qxa5 Rde8 22. bxa4 $1 Rxe2 23. Qa7 R2e7 24. Bxd6 Rd7 25. Bf4 Rxd1+ 26. Rxd1 h6
27. a5 g5 {White now has to make a critical decision, whether to retreat the
bishop to e3 or switch to the queenside by way of d6. The latter seems the
better option.} 28. Be3 $6 (28. Bd6 Ne4 29. Bb4 c5 {allows some nice tactics:}
30. Bxe4 $1 Rxe4 31. a6 $3 bxa6 (31... cxb4 32. axb7 Be5 33. Rd7 Qe8 34. Qc5
Re1+ 35. Kg2 Bb8 36. Qd5+ Qe6 37. Rd8+ Kh7 38. Rxb8 Qxd5+ 39. cxd5 bxa3 40. Ra8
$18) 32. Rd7 Qf6 33. Qa8+ Kh7 34. Bxc5 Re1+ 35. Kg2 Qa1 36. h3 $1 Rg1+ 37. Kh2
Rd1 38. Ra7 Qb2 39. Qf8 $1 Qe5 40. Re7 $18) 28... Ng4 29. a6 $2 {White misses
the last opportunity to keep the advantage.} (29. Rb1 $1 Nxe3 ({After} 29...
Re7 30. Bc5 Rd7 31. a6 bxa6 32. Qa8+ Kh7 33. Bxc6 {the power of the white
bishops is decisive.}) 30. Rxb7 Qf6 31. fxe3 Qa1+ 32. Bf1 f4 $1 33. Rb8 Qe5 34.
Rxe8+ Qxe8 35. a6 fxe3 36. Be2 Qd8 37. h3 Qd2 38. Kf1 Bc3 39. Qb8+ Kf7 40. Qc7+
Kg8 41. Qc8+ Kg7 42. Qb7+ Kh8 43. Qb1 Qd7 44. Kg1 {White must have the better
chances here, but a clear win is far from visible.}) 29... Nxe3 30. fxe3 bxa6
31. Qxf7+ $6 (31. Qxa6 {would have kept a slight edge, but White prefers half
an egg to an empty shell...}) 31... Kxf7 32. Rd7+ Re7 33. Bxc6 Rxd7 34. Bxd7
Bf8 {Well, bishops of opposite colour and no other material. It's not
difficult to predict the outcome...} 35. a4 Kf6 36. g4 fxg4 37. Bxg4 a5 38. Kf2
Bc5 39. Bh5 Bd6 40. h3 Ke5 41. Kf3 Bc5 42. Be8 Bb6 43. Bg6 Kf6 44. Be4 h5 45.
Bd5 Ke5 46. Bc6 g4+ 47. hxg4 hxg4+ 48. Ke2 g3 49. Bg2 Bc5 50. Kf3 Bb6 51. e4
Kd4 52. Kxg3 Kxc4 1/2-1/2